[Event "Challenge"]
[Site "http://www.queenalice.com/game.php?id=1421450"]
[Date "2016.5.5"]
[Round "-"]
[White "alfieresabaudo"]
[Black "modesto54"]
[Result "1-0"]
[WhiteElo "1726"]
[BlackElo "1708"]

1. d4 Nf6 2. c4 g6 3. Nc3 d6 4. e4 Bg7 5. Nf3 e5 6. Bg5 Nbd7 7. Nd5 O-O 8. dxe5
dxe5 9. Bd3 Re8 10. O-O c6 11. Nxf6+ Nxf6 12. h3 h6 13. Be3 Be6 14. Nxe5 Nd7 15.
Nxd7 Qxd7 16. Qe2 Bxb2 17. Qxb2 Qxd3 18. Bxh6 1-0

[Event "Challenge"]
[Site "http://www.queenalice.com/game.php?id=1421451"]
[Date "2016.5.5"]
[Round "-"]
[White "modesto54"]
[Black "alfieresabaudo"]
[Result "0-1"]
[WhiteElo "1817"]
[BlackElo "1758"]

1. e4 e6 2. d3 Nc6 3. Nd2 Bb4 4. Nf3 d5 5. g3 Nge7 6. Bg2 O-O 7. O-O a5 8. c3
Bd6 9. Re1 dxe4 10. Nxe4 Nf5 11. Nxd6 cxd6 12. d4 d5 13. h4 h6 14. g4 Nxh4 15.
Be3 Nxg2 16. Kxg2 b5 17. Qd3 b4 18. g5 Ba6 19. Qd2 h5 20. cxb4 Nxb4 21. Rh1 g6
22. Rhc1 Qb6 23. Ne5 Rfc8 24. a3 Nc6 25. Bf4 Nxe5 26. Bxe5 a4 27. Qf4 Qd8 28.
Kg3 Rxc1 29. Rxc1 Bc4 30. Rc2 Ra7 31. Kh2 Rb7 32. Qd2 Qb6 33. Qf4 Qd8 34. Qd2
Rb3 35. Qf4 Qe7 36. Kg2 Kh7 37. Bd6 Qd7 38. Be5 Qe8 39. Qf6 Qf8 40. Qf4 Rb7 41.
Bd6 Qg7 42. Be5 Qf8 43. Qf6 Qg8 44. Rc1 Rxb2 45. Rh1 Be2 46. Re1 Bd3 47. Rh1
Be4+ 48. Kh2 Bxh1 49. Kxh1 Rb3 50. Bd6 Qg7 51. Qf4 Rd3 52. Be5 Qg8 53. Kg2 Rxa3
54. Bd6 Rd3 0-1

[Event "Challenge"]
[Site "http://www.queenalice.com/game.php?id=1427093"]
[Date "2016.6.10"]
[Round "-"]
[White "alfieresabaudo"]
[Black "MADMIKE"]
[Result "1-0"]
[WhiteElo "1834"]
[BlackElo "1987"]

1. d4 d5 2. c4 e6 3. Nc3 a6 4. e3 Nf6 5. Nf3 Be7 6. cxd5 exd5 7. Bd3 Nc6 8. h3
O-O 9. O-O b5 10. a3 h6 11. b4 Bd6 12. Bd2 Be6 13. Qc2 Ne7 14. Ne5 Bxe5 15. dxe5
Nd7 16. f4 f6 17. exf6 Nxf6 18. f5 Bd7 19. Ne2 c6 20. Bc3 Ne4 21. Bxe4 dxe4 22.
f6 gxf6 23. Bxf6 Qe8 24. Qxe4 Nf5 25. Qg4+ Kh7 26. Bd4 Rg8 27. Qf4 Qg6 28. g4
Raf8 29. Kh2 Nxd4 30. Qxd4 Be8 31. Rxf8 Rxf8 32. Nf4 Qc2+ 33. Kg3 Bg6 34. Rf1
Rg8 35. Nxg6 Qxg6 36. Rf6 Qe8 37. Qd3+ Rg6 38. Qxg6+ Qxg6 39. Rxg6 Kxg6 40. Kf4
Kf6 41. e4 Ke6 42. h4 Kf6 43. h5 Ke6 44. g5 hxg5+ 45. Kxg5 Ke5 46. h6 Kxe4 47.
h7 Kd4 48. h8=Q+ Kc4 49. Qb2 c5 50. Qc2+ Kd5 51. Qxc5+ 1-0

[Event "Challenge"]
[Site "http://www.queenalice.com/game.php?id=1427094"]
[Date "2016.6.10"]
[Round "-"]
[White "MADMIKE"]
[Black "alfieresabaudo"]
[Result "0-1"]
[WhiteElo "1967"]
[BlackElo "1793"]

1. d4 c6 2. e4 d5 3. e5 Bf5 4. h3 e6 5. a3 Be7 6. Bd2 Nd7 7. Nf3 c5 8. Bb5 a6 9.
Bxd7+ Qxd7 10. O-O cxd4 11. Nxd4 Bg6 12. Nc3 Bc5 13. Nb3 Bb6 14. Na2 Ne7 15. Be3
Bxe3 16. fxe3 O-O 17. Nc3 Nc6 18. Nc5 Qc7 19. Kh1 Nxe5 20. b4 b6 21. N5a4 Nc4
22. Qe2 b5 23. Nc5 Bxc2 24. Qxc2 Nxe3 25. Qe2 Nxf1 26. Rxf1 Rac8 27. Rc1 Qf4 28.
Rf1 Qc4 29. Qxc4 dxc4 30. Nxa6 Ra8 31. Nc5 Rfb8 32. Nd7 Rd8 33. Ne5 f6 34. Nc6
Rd6 35. Na5 Rb8 36. a4 bxa4 37. Nxc4 Rc6 38. Nxa4 Rxc4 39. Nc5 e5 40. Na6 Rb6
0-1

[Event "Challenge"]
[Site "http://www.queenalice.com/game.php?id=1427169"]
[Date "2016.6.11"]
[Round "-"]
[White "Camy"]
[Black "alfieresabaudo"]
[Result "0-1"]
[WhiteElo "1840"]
[BlackElo "1901"]

1. d4 d5 2. Nf3 Nf6 3. Nc3 e6 4. Bf4 Bb4 5. a3 Bxc3+ 6. bxc3 O-O 7. Ne5 Ne4 8.
f3 Nxc3 9. Qd3 Na4 10. Qb5 Nb6 11. Rb1 Bd7 12. Qc5 f6 13. Nd3 Na6 14. Qc3 Na4
15. Qa5 b6 16. Qd2 c5 17. c3 Nc7 18. Bd6 Re8 19. Rc1 Nb5 20. dxc5 Nxa3 21. e4
Nc4 22. Qf4 e5 23. Qh4 bxc5 24. Bxc5 Qa5 25. Bb4 Qb5 26. Nf2 a5 27. Ba3 Qb3 28.
Bxc4 Qxc4 29. Bd6 Ra6 30. Ba3 Nxc3 31. Rc2 Qb3 32. Rd2 Qxa3 33. O-O Bb5 34. Re1
Ne2+ 35. Kh1 Qb4 36. Red1 d4 37. Qg4 a4 38. Nd3 Qa3 39. Rxe2 Bxd3 40. Red2 Bc4
41. f4 Be6 42. Qh5 Bf7 43. Qg4 Qd6 44. fxe5 fxe5 45. Rf1 Qg6 46. Qd7 a3 47. Rdf2
Qe6 48. Qb7 Bg6 49. Qb4 Raa8 50. Ra1 Bxe4 51. Rxa3 Reb8 52. Rxa8 Rxa8 53. Qe1
Bd5 54. Kg1 Qg4 55. h3 Qe4 56. Qxe4 Bxe4 57. Re2 Ra1+ 58. Kf2 d3 59. Rd2 Rc1 60.
Kg3 Rc2 61. Rf2 Rxf2 62. Kxf2 Bxg2 63. Kxg2 d2 64. Kg3 d1=Q 65. h4 Qf1 66. Kg4
Qf4+ 67. Kh3 g5 68. hxg5 Qxg5 69. Kh2 h5 70. Kh1 h4 71. Kh2 Qg4 72. Kh1 h3 73.
Kh2 Qg2# 0-1

[Event "Challenge"]
[Site "http://www.queenalice.com/game.php?id=1455458"]
[Date "2016.12.18"]
[Round "-"]
[White "alfieresabaudo"]
[Black "BasterMater"]
[Result "1-0"]
[WhiteElo "1951"]
[BlackElo "1991"]

1. d4 c5 2. Nf3 d5 3. c4 Nf6 4. cxd5 Nxd5 5. e4 Nb4 6. d5 Bd7 7. a3 N4a6 8. Nc3
e6 9. Bc4 exd5 10. Bxd5 Be7 11. Bxb7 Bc6 12. Qxd8+ Bxd8 13. Bxa8 Bxa8 14. O-O
O-O 15. Be3 Bb6 16. Rfd1 Nc6 17. Nd5 h6 18. Nxb6 axb6 19. Rd7 Re8 20. Rad1 Nab8
21. R7d6 Rxe4 22. Rd8+ Kh7 23. Rxb8 Nxb8 24. Rd8 Rxe3 25. fxe3 Bxf3 26. gxf3 Nc6
27. Rd6 1-0

[Event "Challenge"]
[Site "http://www.queenalice.com/game.php?id=1455459"]
[Date "2016.12.18"]
[Round "-"]
[White "alfieresabaudo"]
[Black "marandreo"]
[Result "1/2-1/2"]
[WhiteElo "1986"]
[BlackElo "2104"]

1. c4 Nh6 2. Nf3 g6 3. d4 Bg7 4. e4 d6 5. Be2 f6 6. O-O c6 7. Nc3 Nf7 8. Be3 O-O
9. Qb3 e6 10. Rfd1 Qc7 11. d5 exd5 12. c5 Nd7 13. cxd6 Nxd6 14. exd5 c5 15. Nb5
Qb8 16. Nxd6 Qxd6 17. a4 b6 18. a5 Rb8 19. Qb5 Rf7 20. Qc6 Bf8 21. Qxd6 Bxd6 22.
axb6 Nxb6 23. b3 Kg7 24. Ra5 Rc7 25. Bc4 a6 26. Nd2 f5 27. g3 h6 28. h4 Kh7 29.
Nb1 Nxc4 30. bxc4 Rb3 31. Ra3 Rxa3 32. Nxa3 Rb7 33. Rb1 Rxb1+ 34. Nxb1 f4 35.
Bxf4 Bxf4 36. gxf4 a5 37. Nc3 Kg7 38. Na4 Ba6 39. d6 Kf7 40. d7 Ke7 41. Nxc5
Bxc4 42. Nb7 Kxd7 43. Nxa5 Bd5 44. h5 gxh5 45. Kh2 Bf7 46. Kg3 Ke6 47. Nc6
1/2-1/2

[Event "Challenge"]
[Site "http://www.queenalice.com/game.php?id=1458266"]
[Date "2017.1.6"]
[Round "-"]
[White "shicoshow"]
[Black "alfieresabaudo"]
[Result "0-1"]
[WhiteElo "1935"]
[BlackElo "1930"]

1. e4 e6 2. Nf3 d5 3. exd5 exd5 4. d4 Nf6 5. h3 Bb4+ 6. Bd2 Bxd2+ 7. Nbxd2 O-O
8. Bd3 Re8+ 9. Kf1 Ne4 10. g3 Bf5 11. Nh4 Nxd2+ 12. Qxd2 Bxd3+ 13. Qxd3 Qf6 14.
Kg2 Qb6 15. b3 Nd7 16. Rae1 g6 17. Nf3 c5 18. dxc5 Qxc5 19. Qd4 Qxd4 20. Nxd4
Nc5 21. f3 Ne6 22. Nb5 Rac8 23. Re2 a6 24. Nd6 Nf4+ 25. gxf4 Rxe2+ 0-1

[Event "Challenge"]
[Site "http://www.queenalice.com/game.php?id=1459580"]
[Date "2017.1.14"]
[Round "-"]
[White "POOPPATROL"]
[Black "alfieresabaudo"]
[Result "0-1"]
[WhiteElo "1720"]
[BlackElo "1972"]

1. e4 e5 2. Nc3 Nf6 3. Nge2 Bc5 4. d4 exd4 5. Nxd4 O-O 6. Be3 Re8 7. Bd3 d5 8.
O-O dxe4 9. Be2 Nbd7 10. Nb3 Bb6 11. Bxb6 Nxb6 12. h3 Qe7 13. Qe1 Bf5 14. Nd4
Bg6 15. Rd1 Rad8 16. f3 exf3 17. Nxf3 Bxc2 18. Rxd8 Rxd8 19. Bd1 Qxe1 20. Rxe1
Bxd1 21. Rxd1 Rxd1+ 22. Nxd1 Ne4 23. Ne3 c6 24. Kf1 g6 25. Ke2 f5 26. Kd3 Kf7
27. Kd4 Ke6 28. g4 c5+ 29. Kd3 Nf2+ 0-1

[Event "Challenge"]
[Site "http://www.queenalice.com/game.php?id=1464926"]
[Date "2017.2.16"]
[Round "-"]
[White "alfieresabaudo"]
[Black "ValensKaiser"]
[Result "1-0"]
[WhiteElo "1989"]
[BlackElo "1956"]

1. d4 Nf6 2. c4 e6 3. Nc3 Bb4 4. Nf3 b6 5. Bd2 Bb7 6. e3 c5 7. dxc5 Bxc5 8. Be2
O-O 9. O-O Nc6 10. a3 Rc8 11. b4 Be7 12. e4 d6 13. Bf4 Nh5 14. Be3 Nf6 15. h3
Qd7 16. Qc2 Ne5 17. Nxe5 dxe5 18. Rfd1 Qc7 19. f3 Ba6 20. b5 Bc5 21. Rd3 Bxe3+
22. Rxe3 Qc5 23. Qc1 Bb7 24. Na4 Qd4 25. Qc3 Kh8 26. Rd1 Rxc4 27. Rxd4 Rxc3 28.
Rxc3 exd4 29. Rc7 Bc8 30. Rxa7 Nd7 31. Rc7 Rd8 32. f4 g5 33. g3 gxf4 34. gxf4 e5
35. f5 Kg7 36. Kg2 h6 37. h4 Rg8 38. Kf2 Rd8 39. Bc4 Rf8 40. Ke2 Kf6 41. Kd3 h5
42. Rc6+ Kg7 43. Nxb6 Nxb6 44. Rxb6 f6 45. a4 1-0

[Event "Challenge"]
[Site "http://www.queenalice.com/game.php?id=1470145"]
[Date "2017.3.23"]
[Round "-"]
[White "shicoshow"]
[Black "alfieresabaudo"]
[Result "1-0"]
[WhiteElo "1946"]
[BlackElo "2005"]

1. Nf3 d5 2. g3 Nf6 3. Bg2 e6 4. O-O Bd6 5. d3 O-O 6. Nbd2 c5 7. e4 Nc6 8. Re1
dxe4 9. dxe4 e5 10. Nc4 Bc7 11. Qxd8 Rxd8 12. Bg5 1-0

[Event "Challenge"]
[Site "http://www.queenalice.com/game.php?id=1471535"]
[Date "2017.4.2"]
[Round "-"]
[White "Geison"]
[Black "alfieresabaudo"]
[Result "0-1"]
[WhiteElo "2060"]
[BlackElo "2003"]

1. e4 c6 2. d4 d5 3. e5 Bf5 4. Bg5 Qb6 5. b3 f6 6. Bh4 fxe5 7. dxe5 Qb4+ 8. Nd2
Qxh4 9. Ngf3 Qb4 10. Be2 e6 11. O-O Nh6 12. a3 Qc3 13. Rc1 Bxa3 14. Nb1 Qc5 15.
Nxa3 Qxa3 16. Qd2 Qc5 17. Nh4 O-O 18. c3 Nd7 19. b4 Qe7 20. Nf3 Ng4 21. Qd4 a5
22. h3 Nh6 23. bxa5 Rxa5 24. c4 Be4 25. Nd2 Ra2 26. Rc3 Nf5 27. Qxe4 dxe4 28.
Rd1 Qb4 29. Rb3 Qa5 30. Rxb7 e3 31. Nb3 Qxe5 32. Nc1 exf2+ 33. Kxf2 Qe3+ 34. Ke1
Qg1+ 35. Bf1 Qf2# 0-1

[Event "Challenge"]
[Site "http://www.queenalice.com/game.php?id=1473244"]
[Date "2017.4.14"]
[Round "-"]
[White "alfieresabaudo"]
[Black "marandreo"]
[Result "0-1"]
[WhiteElo "2006"]
[BlackElo "2100"]

1. d4 Na6 2. e4 c6 3. Bxa6 Qa5+ 4. Nc3 Qxa6 5. Qe2 Qxe2+ 6. Ngxe2 e6 7. f3 d5 8.
e5 Ne7 9. O-O Bd7 10. a4 Rc8 11. b4 b6 12. b5 f6 13. Ba3 fxe5 14. dxe5 Nf5 15.
Bxf8 Rxf8 16. bxc6 Rxc6 17. a5 bxa5 18. Rxa5 a6 19. Rfa1 d4 20. Ne4 Rxc2 21.
R1a2 Rxa2 22. Rxa2 Bb5 23. Nf4 Ke7 24. Kf2 Ne3 25. g3 Rf5 26. Nd6 Rxe5 27. Nxb5
Rxb5 28. Rxa6 e5 29. Ra7+ Kf6 30. Ra6+ Kf7 31. Ra7+ Ke8 32. Nd3 Kf8 33. Ra8+ Kf7
34. Ra6 h5 35. Ke2 Nf5 36. Ra7+ Ke6 37. Ra6+ Nd6 38. h3 Kd5 39. g4 hxg4 40. hxg4
Ke6 41. Nf2 Rb2+ 42. Ke1 Kd5 43. Nd3 Rb5 44. Ra7 Rb7 45. Rxb7 Nxb7 46. Nb4+ Kd6
47. Kd2 Nd8 48. Kd3 Ne6 49. Kc4 e4 50. fxe4 Ke5 51. Kd3 Nf4+ 52. Kd2 Kxe4 53.
Nc6 Ne6 54. Ne7 Kf3 55. Kd3 g5 56. Nf5 Kxg4 57. Nxd4 Nxd4 58. Kxd4 Kf3 0-1

[Event "Challenge"]
[Site "http://www.queenalice.com/game.php?id=1485440"]
[Date "2017.7.9"]
[Round "-"]
[White "alfieresabaudo"]
[Black "gfalk"]
[Result "1-0"]
[WhiteElo "2021"]
[BlackElo "1986"]

1. c4 e5 2. e3 Nf6 3. Nc3 Bb4 4. a3 Bxc3 5. bxc3 O-O 6. d4 d6 7. Nf3 Bg4 8. Be2
e4 9. Nd2 Bf5 10. O-O Qd7 11. a4 c6 12. Ba3 Re8 13. Rb1 Na6 14. Qb3 Rab8 15. c5
Be6 16. Qb2 dxc5 17. Bxa6 bxa6 18. Qxb8 Rxb8 19. Rxb8+ Ne8 20. Rfb1 1-0